Library Banner

Nayaa ghar (Urdu) (Record no. 44722)

MARC details
000 -LEADER
fixed length control field 00441nam a2200181Ia 4500
001 - CONTROL NUMBER
control field 46773
008 - FIXED-LENGTH DATA ELEMENTS--GENERAL INFORMATION
fixed length control field 140429s9999 xx 000 0 und d
020 ## - INTERNATIONAL STANDARD BOOK NUMBER
International Standard Book Number NA
040 ## - CATALOGING SOURCE
Transcribing agency PK-LaUMT
082 ## - DEWEY DECIMAL CLASSIFICATION NUMBER
Classification number RHC 891.4393
Item number NAZ-N
100 ## - MAIN ENTRY--PERSONAL NAME
Personal name Nazar Zaidi
245 ## - TITLE STATEMENT
Title Nayaa ghar (Urdu)
Statement of responsibility, etc Nazar Zaidi
260 ## - PUBLICATION, DISTRIBUTION, ETC. (IMPRINT)
Place of publication, distribution, etc Lahore,Pakistan:
Name of publisher, distributor, etc Idara Khawateen,
Date of publication, distribution, etc 1956
300 ## - PHYSICAL DESCRIPTION
Extent 194 p.
546 ## - LANGUAGE NOTE
Language note UR
650 ## - SUBJECT ADDED ENTRY--TOPICAL TERM
Topical term or geographic name as entry element Pakistani literature-Urdu
942 ## - ADDED ENTRY ELEMENTS (KOHA)
Koha item type Books
Holdings
Withdrawn status Lost status Damaged status Not for loan Home library Current library Date acquired Total Checkouts Full call number Barcode Date last seen Price effective from Koha item type
        UMT Main Campus UMT Main Campus 2014-04-29   RHC 891.4393 NAZ-N 55903 2014-05-06 2014-05-06 Books